| 000 | 00791nam0a2200253 4500 | ||
|---|---|---|---|
| 001 | RU\NLR\BIBL_A\012499329 | ||
| 005 | 20250624051847.0 | ||
| 035 | _a(NLR Aleph) 012499329 | ||
| 090 |
_a13303563 _c13303563 |
||
| 100 | _a20210408d1978 |||y0rusy50 ca | ||
| 101 | 0 | _akur | |
| 102 | _aAM | ||
| 105 | _ac z 000yy | ||
| 200 | 1 |
_aБәрхван _fУсьве Бәк´о |
|
| 210 |
_aЕреван _cНәширәта "Советакан грог" _d1978 |
||
| 215 |
_a96,[3] с. _d16 |
||
| 541 | 1 |
_6z01790 _aРассказы _zrus |
|
| 686 | 1 | _aШ6(2=Курд.) | |
| 700 | 1 |
_aБәк´о _bУ.Б. _f1909- _gБәк´о Бакович _4070 |
|
| 790 | 1 |
_6z01541 _aБекоев _bУ.Б. _gУсув Бакоевич _4070 |
|
| 852 |
_aNLR _bОНЛ _jКурд.2-186 |
||
| 942 | _cBOOK | ||
| 980 | _aNB | ||